[Event "Viktor Kupreichik Memorial Rapid GM"]
[Site "Minsk"]
[Date "2018.06.21"]
[Round "1.1"]
[White "Kovalev, Andrei"]
[Black "Chekhov, Valery A"]
[Result "1/2-1/2"]
[WhiteElo "2458"]
[BlackElo "2413"]
[PlyCount "44"]
[EventDate "2018.06.21"]
[EventType "tourn"]
[EventRounds "13"]
[EventCountry "BLR"]

1. e4 e5 2. Nf3 Nc6 3. Bb5 a6 4. Ba4 Nf6 5. d3 d6 6. c3 Bd7 7. O-O g6 8. Re1
Bg7 9. Bg5 h6 10. Bh4 O-O 11. Nbd2 Qe8 12. Bb3 Nh5 13. Nf1 Nf4 14. Bg3 Kh7 15.
d4 Nh5 16. Bh4 Bg4 17. d5 Ne7 18. Ne3 Bd7 19. Bc2 a5 20. Nd2 Ng8 21. f3 Bf6 22.
Bxf6 Ngxf6 1/2-1/2

[Event "Viktor Kupreichik Memorial Rapid GM"]
[Site "Minsk"]
[Date "2018.06.21"]
[Round "1.2"]
[White "Smirnov, Valerij"]
[Black "Sveshnikov, Evgeny"]
[Result "1/2-1/2"]
[WhiteElo "2238"]
[BlackElo "2532"]
[PlyCount "113"]
[EventDate "2018.06.21"]
[EventType "tourn"]
[EventRounds "13"]
[EventCountry "BLR"]

1. Nf3 d5 2. c4 e6 3. e3 Nf6 4. Nc3 c5 5. cxd5 Nxd5 6. Bb5+ Bd7 7. Bxd7+ Qxd7
8. Ne5 Nxc3 9. bxc3 Qd5 10. Qa4+ Nd7 11. f4 f6 12. Nxd7 Qxd7 13. Qb3 Rc8 14. d4
Qd5 15. O-O Qxb3 16. axb3 a6 17. f5 cxd4 18. cxd4 Kd7 19. e4 Bd6 20. Ba3 Bxa3
21. Rxa3 Rc3 22. fxe6+ Kxe6 23. Rf3 Rhc8 24. Ra4 Rxf3 25. gxf3 Rc3 26. Rb4 b5
27. Kf2 g5 28. Kg3 h5 29. h3 f5 30. d5+ Ke5 31. exf5 Rd3 32. Re4+ Kxf5 33. Re6
g4 34. hxg4+ hxg4 35. Rxa6 Rxf3+ 36. Kg2 Rxb3 37. d6 Ke6 38. Rb6 b4 39. Kh2 Rb1
40. Kg3 b3 41. Kg2 b2 42. Kh2 Kd7 43. Kg2 g3 44. Rb7+ Kxd6 45. Rb8 Kc7 46. Rb4
Kc6 47. Rb8 Kd5 48. Rb7 Kc4 49. Rc7+ Kd3 50. Rd7+ Ke3 51. Re7+ Kf4 52. Rf7+ Ke5
53. Re7+ Kd5 54. Rb7 Kc5 55. Rb8 Kc4 56. Rc8+ Kd3 57. Rd8+ 1/2-1/2

[Event "Viktor Kupreichik Memorial Rapid GM"]
[Site "Minsk"]
[Date "2018.06.21"]
[Round "1.3"]
[White "Mochalov, Evgeny V"]
[Black "Vaganian, Rafael A"]
[Result "1-0"]
[WhiteElo "2236"]
[BlackElo "2547"]
[PlyCount "101"]
[EventDate "2018.06.21"]
[EventType "tourn"]
[EventRounds "13"]
[EventCountry "BLR"]

1. d4 d5 2. c4 e6 3. Nf3 Nf6 4. g3 Bb4+ 5. Nc3 dxc4 6. Bg2 Nc6 7. O-O O-O 8.
Qa4 Bd7 9. Qc2 Rb8 10. Rd1 b5 11. Ne5 Nxe5 12. dxe5 Nd5 13. Bxd5 exd5 14. Nxd5
Ba5 15. Bf4 c6 16. Ne3 Rb7 17. Nf5 Bxf5 18. Qxf5 Qc8 19. Qxc8 Rxc8 20. Rac1 Kf8
21. e4 Ke8 22. Be3 Rd8 23. Rxd8+ Kxd8 24. Kf1 Rd7 25. Ke2 Kc7 26. Rc2 a6 27. f4
Bb4 28. Bd2 Bf8 29. Ba5+ Kb7 30. Rd2 Rxd2+ 31. Bxd2 c5 32. f5 Kc6 33. g4 b4 34.
g5 g6 35. h4 a5 36. a4 c3 37. bxc3 b3 38. Bc1 c4 39. h5 gxf5 40. exf5 Kd5 41.
e6 fxe6 42. f6 Ke5 43. Kd1 Kf5 44. Be3 h6 45. g6 Kxf6 46. Bb6 Kg5 47. Bxa5 Kxh5
48. Bb4 e5 49. Bxf8 Kxg6 50. a5 e4 51. Bc5 1-0

[Event "Viktor Kupreichik Memorial Rapid GM"]
[Site "Minsk"]
[Date "2018.06.21"]
[Round "1.4"]
[White "Balashov, Yuri S"]
[Black "Veremeichik, Vladimir"]
[Result "1/2-1/2"]
[WhiteElo "2430"]
[BlackElo "2307"]
[PlyCount "156"]
[EventDate "2018.06.21"]
[EventType "tourn"]
[EventRounds "13"]
[EventCountry "BLR"]

1. Nf3 c5 2. c4 g6 3. d4 cxd4 4. Nxd4 Bg7 5. e4 Nc6 6. Be3 Nf6 7. Nc3 d6 8. Be2
O-O 9. O-O Nd7 10. Rc1 Nxd4 11. Bxd4 Bxd4 12. Qxd4 Qb6 13. Qd2 Nf6 14. Kh1 Be6
15. f4 Rfc8 16. b3 Qa5 17. Bf3 Rc7 18. Qe3 Rac8 19. e5 dxe5 20. fxe5 Nd7 21.
Bd5 a6 22. Qf4 Rf8 23. Rc2 Bf5 24. e6 Bxc2 25. b4 Qxb4 26. Qxc7 Nf6 27. exf7+
Kg7 28. Qe5 Qd6 29. Qe2 Bf5 30. Rd1 Bg4 31. Bf3 Bxf3 32. Qxf3 Qc6 33. Qxc6 bxc6
34. Na4 Rxf7 35. Nc5 a5 36. Re1 e5 37. Ne6+ Kg8 38. Rxe5 Re7 39. h3 Nd7 40. Re2
Nb6 41. c5 Na4 42. Re4 Nc3 43. Rc4 Nxa2 44. Nd8 Nb4 45. Rd4 Re5 46. Nb7 Rd5 47.
Rxd5 Nxd5 48. Nxa5 Nb4 49. Nb7 Kf7 50. Kg1 Ke6 51. Kf2 Kd5 52. Ke3 Na6 53. Nd6
Nxc5 54. Ne8 Nd7 55. g4 c5 56. Nc7+ Ke5 57. h4 Nf6 58. Kf3 c4 59. Nb5 Nd5 60.
Na3 c3 61. Nc2 h6 62. h5 g5 63. Ne1 Nb4 64. Ke3 c2 65. Nf3+ Kd5 66. Kd2 Kc4 67.
Ne1 Kb3 68. Nxc2 Nxc2 69. Kd3 Ne1+ 70. Ke4 Kc4 71. Kf5 Kd5 72. Kg6 Ke6 73. Kxh6
Kf6 74. Kh7 Nd3 75. Kg8 Ne5 76. h6 Ng6 77. h7 Nh8 78. Kxh8 Kf7 1/2-1/2

[Event "Viktor Kupreichik Memorial Rapid GM"]
[Site "Minsk"]
[Date "2018.06.21"]
[Round "2.2"]
[White "Veremeichik, Vladimir"]
[Black "Dydyshko, Viacheslav"]
[Result "1/2-1/2"]
[WhiteElo "2307"]
[BlackElo "2471"]
[PlyCount "21"]
[EventDate "2018.06.21"]
[EventType "tourn"]
[EventRounds "13"]
[EventCountry "BLR"]

1. d4 d5 2. c4 c6 3. cxd5 cxd5 4. Nc3 Nc6 5. Nf3 Nf6 6. Bf4 e6 7. e3 Bd6 8.
Bxd6 Qxd6 9. Bb5 Bd7 10. O-O O-O 11. Bxc6 1/2-1/2

[Event "Viktor Kupreichik Memorial Rapid GM"]
[Site "Minsk"]
[Date "2018.06.21"]
[Round "2.3"]
[White "Vaganian, Rafael A"]
[Black "Balashov, Yuri S"]
[Result "0-1"]
[WhiteElo "2547"]
[BlackElo "2430"]
[PlyCount "50"]
[EventDate "2018.06.21"]
[EventType "tourn"]
[EventRounds "13"]
[EventCountry "BLR"]

1. d4 Nf6 2. c4 e6 3. Nf3 b6 4. e3 Bb7 5. Bd3 d5 6. O-O Bd6 7. b3 O-O 8. Bb2
Nbd7 9. Ne5 c5 10. f4 cxd4 11. exd4 Ne4 12. Nd2 f5 13. Ndf3 Ndf6 14. Qe2 Rc8
15. Rac1 Qe7 16. Rc2 a5 17. Rfc1 Rc7 18. cxd5 Rxc2 19. Qxc2 Nxd5 20. Bxe4 Nb4
21. Qe2 fxe4 22. Ng5 Bxe5 23. dxe5 Nd3 24. Rf1 Nxf4 25. Qg4 h5 0-1

[Event "Viktor Kupreichik Memorial Rapid GM"]
[Site "Minsk"]
[Date "2018.06.21"]
[Round "2.4"]
[White "Sveshnikov, Evgeny"]
[Black "Mochalov, Evgeny V"]
[Result "1/2-1/2"]
[WhiteElo "2532"]
[BlackElo "2236"]
[PlyCount "84"]
[EventDate "2018.06.21"]
[EventType "tourn"]
[EventRounds "13"]
[EventCountry "BLR"]

1. e4 c5 2. c3 g6 3. Nf3 Bg7 4. d4 cxd4 5. cxd4 d5 6. e5 a6 7. h3 Nc6 8. Nc3
Nh6 9. Bf4 f6 10. Qd2 Nf7 11. exf6 Bxf6 12. Bd3 O-O 13. O-O Nxd4 14. Nxd4 e5
15. Nf3 exf4 16. Qxf4 Bg7 17. Qg3 Be6 18. Rfd1 Qb6 19. Rab1 Rac8 20. Ne2 Nd6
21. Nf4 Ne4 22. Bxe4 dxe4 23. Nxe6 Qxe6 24. Ng5 Qf5 25. h4 Kh8 26. Re1 Rce8 27.
Qe3 Qg4 28. Rbd1 Qxh4 29. Rd7 Qg4 30. Rxb7 Qf5 31. Nxe4 Rxe4 32. Qxe4 Qxf2+ 33.
Kh1 Rf4 34. Qe8+ Bf8 35. Qe5+ Kg8 36. Qe6+ Kh8 37. Rb3 Rh4+ 38. Rh3 Rxh3+ 39.
gxh3 Qf3+ 40. Kh2 Qf2+ 41. Kh1 Qf3+ 42. Kh2 Bc5 1/2-1/2

[Event "Viktor Kupreichik Memorial Rapid GM"]
[Site "Minsk"]
[Date "2018.06.21"]
[Round "2.5"]
[White "Chekhov, Valery A"]
[Black "Smirnov, Valerij"]
[Result "1-0"]
[WhiteElo "2413"]
[BlackElo "2238"]
[PlyCount "77"]
[EventDate "2018.06.21"]
[EventType "tourn"]
[EventRounds "13"]
[EventCountry "BLR"]

1. e4 c5 2. c3 d6 3. d4 Nf6 4. dxc5 Nc6 5. Bc4 dxc5 6. Qxd8+ Nxd8 7. f3 Be6 8.
Na3 Bxc4 9. Nxc4 Nc6 10. Be3 Nd7 11. a4 Nde5 12. Nxe5 Nxe5 13. Ke2 e6 14. Bf4
Nc4 15. Nh3 f6 16. a5 O-O-O 17. b3 Nd6 18. c4 Ne8 19. Rhd1 Bd6 20. Bxd6 Rxd6
21. Nf4 Kd7 22. e5 Rxd1 23. Rxd1+ Ke7 24. Nd3 b6 25. axb6 axb6 26. Ra1 Nc7 27.
Ra7 Kd7 28. Nf4 Kc6 29. Ke3 g5 30. Nd3 f5 31. b4 Ra8 32. b5+ Kd7 33. Rb7 Ra4
34. Rxb6 Rxc4 35. Rd6+ Ke7 36. b6 Nd5+ 37. Rxd5 exd5 38. b7 Rc2 39. Nb4 1-0

[Event "Viktor Kupreichik Memorial Rapid GM"]
[Site "Minsk"]
[Date "2018.06.21"]
[Round "2.6"]
[White "Oblamski, Vladimir"]
[Black "Kovalev, Andrei"]
[Result "0-1"]
[WhiteElo "1921"]
[BlackElo "2458"]
[PlyCount "90"]
[EventDate "2018.06.21"]
[EventType "tourn"]
[EventRounds "13"]
[EventCountry "BLR"]

1. e4 d6 2. d4 Nf6 3. f3 g6 4. Nc3 Bg7 5. Be3 O-O 6. Qd2 e5 7. dxe5 dxe5 8.
Qxd8 Rxd8 9. Bc4 Nc6 10. Nge2 Na5 11. Bb3 b6 12. Kf2 Ba6 13. Rhd1 c6 14. Rxd8+
Rxd8 15. Rd1 Rxd1 16. Nxd1 Nxb3 17. axb3 Bf8 18. g4 Nd7 19. h4 Be7 20. g5 Nf8
21. f4 exf4 22. Nxf4 h6 23. Nh3 Bc8 24. Kg3 hxg5 25. hxg5 Nh7 26. Ndf2 Be6 27.
Ng4 Kf8 28. e5 Bxg4 29. Kxg4 Ke8 30. Nf2 Kd7 31. Ne4 Ke6 32. Bf4 Nf8 33. Nf6
Bxf6 34. exf6 Kd5 35. Kf3 Ne6 36. Be3 Ke5 37. Kg4 Ke4 38. Bg1 c5 39. Bh2 a5 40.
Bb8 b5 41. Ba7 Kd5 42. Bb6 a4 43. bxa4 bxa4 44. Ba5 Nd4 45. c3 Ne6 0-1

[Event "Viktor Kupreichik Memorial Rapid GM"]
[Site "Minsk"]
[Date "2018.06.21"]
[Round "3.1"]
[White "Smirnov, Valerij"]
[Black "Oblamski, Vladimir"]
[Result "1-0"]
[WhiteElo "2238"]
[BlackElo "1921"]
[PlyCount "61"]
[EventDate "2018.06.21"]
[EventType "tourn"]
[EventRounds "13"]
[EventCountry "BLR"]
[WhiteTeam "Áåëîðóññèÿ"]
[BlackTeam "Áåëîðóññèÿ"]
[WhiteTeamCountry "BLR"]
[BlackTeamCountry "BLR"]

1. d4 d5 2. Nf3 e6 3. c4 a6 4. Nbd2 Nf6 5. g3 dxc4 6. Nxc4 b5 7. Nce5 Bb7 8.
Bg2 Nbd7 9. Nxd7 Nxd7 10. O-O Be7 11. a4 O-O 12. Qb3 Bd5 13. Qd3 Rb8 14. axb5
axb5 15. Rd1 c5 16. e4 c4 17. Qc2 Bb7 18. d5 exd5 19. exd5 Nc5 20. Bf4 Ra8 21.
Rxa8 Qxa8 22. Ne5 Bf6 23. b4 Bxe5 24. bxc5 Bxf4 25. gxf4 Qc8 26. c6 Ba6 27. d6
Rd8 28. c7 Rf8 29. Qe4 b4 30. Qc6 Qg4 31. f3 1-0

[Event "Viktor Kupreichik Memorial Rapid GM"]
[Site "Minsk"]
[Date "2018.06.21"]
[Round "3.2"]
[White "Mochalov, Evgeny V"]
[Black "Chekhov, Valery A"]
[Result "0-1"]
[WhiteElo "2236"]
[BlackElo "2413"]
[PlyCount "55"]
[EventDate "2018.06.21"]
[EventType "tourn"]
[EventRounds "13"]
[EventCountry "BLR"]
[WhiteTeam "Áåëîðóññèÿ"]
[BlackTeam "Ðîññèÿ"]
[WhiteTeamCountry "BLR"]
[BlackTeamCountry "RUS"]

1. d4 d5 2. c4 e6 3. Nf3 Nf6 4. g3 dxc4 5. Bg2 c6 6. O-O b5 7. Bg5 Bb7 8. Ne5
h6 9. Bxf6 gxf6 10. Ng4 h5 11. Ne3 Nd7 12. b3 cxb3 13. axb3 Qb6 14. Nc3 f5 15.
Nc2 c5 16. d5 Bg7 17. Qd2 O-O-O 18. e4 Nf6 19. Qe2 Nxe4 20. Nxe4 fxe4 21. dxe6
Bxa1 22. Rxa1 fxe6 23. Bxe4 Bd5 24. Bxd5 exd5 25. Ne3 d4 26. Nf5 Kb8 27. Qe5+
Qc7 28. Qf6 {time} 0-1

[Event "Viktor Kupreichik Memorial Rapid GM"]
[Site "Minsk"]
[Date "2018.06.21"]
[Round "3.3"]
[White "Balashov, Yuri S"]
[Black "Sveshnikov, Evgeny"]
[Result "1/2-1/2"]
[WhiteElo "2430"]
[BlackElo "2532"]
[PlyCount "71"]
[EventDate "2018.06.21"]
[EventType "tourn"]
[EventRounds "13"]
[EventCountry "BLR"]
[WhiteTeam "Ðîññèÿ"]
[BlackTeam "Ðîññèÿ"]
[WhiteTeamCountry "RUS"]
[BlackTeamCountry "RUS"]

1. e4 c5 2. Nf3 Nc6 3. Nc3 e5 4. Bc4 Be7 5. d3 Nf6 6. h3 O-O 7. Nh2 a6 8. a4 d6
9. Ng4 Be6 10. Nxf6+ Bxf6 11. O-O Kh8 12. Nd5 Rb8 13. c3 Bg5 14. Qh5 Bxc1 15.
Raxc1 b5 16. axb5 axb5 17. Bb3 c4 18. Bc2 Ne7 19. Nb4 g6 20. Qe2 Qb6 21. Rcd1
Nc6 22. Nxc6 Qxc6 23. d4 Qb6 24. Kh2 b4 25. Rd2 Qa5 26. Qe3 bxc3 27. bxc3 Rb2
28. f4 f6 29. Rdf2 exd4 30. Qxd4 Qb6 31. Rd1 Qxd4 32. Rxd4 Rd8 33. Kg3 Kg7 34.
Ba4 Rb6 35. Rfd2 Kf7 36. Bd1 1/2-1/2

[Event "Viktor Kupreichik Memorial Rapid GM"]
[Site "Minsk"]
[Date "2018.06.21"]
[Round "3.4"]
[White "Dydyshko, Viacheslav"]
[Black "Vaganian, Rafael A"]
[Result "1-0"]
[WhiteElo "2471"]
[BlackElo "2547"]
[PlyCount "127"]
[EventDate "2018.06.21"]
[EventType "tourn"]
[EventRounds "13"]
[EventCountry "BLR"]
[WhiteTeam "Áåëîðóññèÿ"]
[BlackTeam "Àðìåíèÿ"]
[WhiteTeamCountry "BLR"]
[BlackTeamCountry "ARM"]

1. d4 e6 2. c4 d5 3. Nc3 Be7 4. Nf3 Nf6 5. Bg5 h6 6. Bxf6 Bxf6 7. e3 O-O 8. Qb3
c6 9. Be2 Nd7 10. O-O Rb8 11. Rfd1 b5 12. cxd5 cxd5 13. a3 a6 14. Rac1 Qe7 15.
Na2 Nb6 16. Nb4 Bb7 17. Nd3 Na4 18. Qa2 Rfc8 19. Qa1 Rxc1 20. Rxc1 Rc8 21.
Rxc8+ Bxc8 22. Qc1 Bb7 23. Nfe5 Qd6 24. b3 Nb6 25. Nc5 Bc8 26. Qc3 Qc7 27. Ned3
Nd7 28. g3 e5 29. b4 exd4 30. exd4 Nb6 31. Bf3 Bf5 32. Ne5 Bc8 33. Ned3 g6 34.
Nf4 Qc6 35. Nfd3 Kg7 36. h4 Nc4 37. Nf4 Qd6 38. Nxd5 Bd8 39. Kg2 Bf5 40. Nb7
Qd7 41. Nxd8 Qxd8 42. Ne3 Qc8 43. Bd5 Nb6 44. Qxc8 Bxc8 45. Bc6 f5 46. Kf3 g5
47. hxg5 hxg5 48. Ke2 f4 49. gxf4 gxf4 50. Nd5 Nc4 51. a4 f3+ 52. Ke1 bxa4 53.
Bxa4 Bb7 54. Ne3 Nb2 55. Bc2 Bc6 56. Kd2 Kf6 57. Kc3 Na4+ 58. Bxa4 Bxa4 59. Kc4
Ke6 60. Kc5 Bb5 61. d5+ Ke5 62. d6 Ke4 63. Nc4 Kd3 64. d7 1-0

[Event "Viktor Kupreichik Memorial Rapid GM"]
[Site "Minsk"]
[Date "2018.06.21"]
[Round "4.1"]
[White "Veremeichik, Vladimir"]
[Black "Rashkovsky, Nukhim N"]
[Result "0-1"]
[WhiteElo "2307"]
[BlackElo "2413"]
[PlyCount "80"]
[EventDate "2018.06.21"]
[EventType "tourn"]
[EventRounds "13"]
[EventCountry "BLR"]
[WhiteTeam "Áåëîðóññèÿ"]
[BlackTeam "Ðîññèÿ"]
[WhiteTeamCountry "BLR"]
[BlackTeamCountry "RUS"]

1. d4 Nf6 2. c4 e6 3. Nc3 Bb4 4. Qc2 Nc6 5. e3 e5 6. d5 Ne7 7. a3 Bxc3+ 8. Qxc3
d6 9. Bd3 O-O 10. Ne2 c6 11. e4 Ng6 12. O-O Nh5 13. f3 cxd5 14. cxd5 Qb6+ 15.
Kh1 Bd7 16. Bd2 a5 17. b4 Bb5 18. bxa5 Qa6 19. Bxb5 Qxb5 20. Ng3 Nxg3+ 21. hxg3
f5 22. Rab1 Qd7 23. Qb4 Rf7 24. Qb5 Qxb5 25. Rxb5 fxe4 26. Kg1 exf3 27. Rxf3
Rd7 28. Rfb3 Ne7 29. g4 Rc7 30. Kf2 Rc4 31. Rxb7 Nxd5 32. Rb8+ Rxb8 33. Rxb8+
Kf7 34. Rb7+ Ke6 35. a6 Ra4 36. a7 Rxa3 37. Rxg7 e4 38. Rxh7 e3+ 39. Bxe3 Nxe3
40. Rh6+ Ke5 0-1

[Event "Viktor Kupreichik Memorial Rapid GM"]
[Site "Minsk"]
[Date "2018.06.21"]
[Round "4.3"]
[White "Sveshnikov, Evgeny"]
[Black "Dydyshko, Viacheslav"]
[Result "0-1"]
[WhiteElo "2532"]
[BlackElo "2471"]
[PlyCount "174"]
[EventDate "2018.06.21"]
[EventType "tourn"]
[EventRounds "13"]
[EventCountry "BLR"]
[WhiteTeam "Ðîññèÿ"]
[BlackTeam "Áåëîðóññèÿ"]
[WhiteTeamCountry "RUS"]
[BlackTeamCountry "BLR"]

1. e4 c5 2. c3 Nf6 3. e5 Nd5 4. Bc4 e6 5. Nf3 d6 6. d4 Nc6 7. O-O Be7 8. Qe2
cxd4 9. cxd4 Nb6 10. Bd3 Nb4 11. exd6 Qxd6 12. Be4 f5 13. Bd3 Bd7 14. Nc3 Nxd3
15. Qxd3 Bf6 16. Re1 O-O 17. Bg5 Bc6 18. Bxf6 gxf6 19. Rad1 Rad8 20. Qe3 Rfe8
21. Qh6 Qf8 22. Qh4 Qg7 23. Qg3 Rd7 24. Rd3 Nd5 25. Nh4 Qxg3 26. hxg3 Kf7 27.
Rd2 Red8 28. Nf3 Nxc3 29. bxc3 Bd5 30. Re3 Rc8 31. Ne1 Rdc7 32. Rc2 Rc4 33. Nd3
Rxd4 34. Nf4 Rd1+ 35. Kh2 Bc4 36. Rb2 b6 37. a4 Ra1 38. Rd2 Ke7 39. Rd4 Rc5 40.
Nd3 Bxd3 41. Rexd3 Rc7 42. Rh4 Ke8 43. Rd6 Re7 44. Rc6 Kf8 45. Rc8+ Kg7 46. Rd4
e5 47. Rdc4 Rd1 48. a5 bxa5 49. R8c5 Rdd7 50. Rxa5 Rc7 51. Rca4 Rxc3 52. Rxa7
Rxa7 53. Rxa7+ Kg6 54. f3 Rc1 55. Re7 Re1 56. Ra7 h5 57. Re7 e4 58. f4 Re3 59.
Kh3 Ra3 60. Kh2 h4 61. gxh4 Kh5 62. Rg7 Kxh4 63. g3+ Kh5 64. Kh3 Ra6 65. Re7
Kg6 66. Kg2 Ra2+ 67. Kh3 Rf2 68. Ra7 e3 69. Rc7 e2 70. Re7 Kh6 71. Re8 Kg7 72.
g4 Rf3+ 73. Kh4 Rxf4 74. Rxe2 fxg4 75. Kh5 Kf7 76. Re1 f5 77. Kg5 Rf3 78. Ra1
g3 79. Ra7+ Ke6 80. Ra6+ Kd5 81. Ra5+ Kc4 82. Ra4+ Kb3 83. Ra1 g2 84. Rg1 Rf2
85. Kh4 f4 86. Kh3 f3 87. Kg3 Rf1 0-1

[Event "Viktor Kupreichik Memorial Rapid GM"]
[Site "Minsk"]
[Date "2018.06.21"]
[Round "4.4"]
[White "Chekhov, Valery A"]
[Black "Balashov, Yuri S"]
[Result "1/2-1/2"]
[WhiteElo "2413"]
[BlackElo "2430"]
[PlyCount "33"]
[EventDate "2018.06.21"]
[EventType "tourn"]
[EventRounds "13"]
[EventCountry "BLR"]
[WhiteTeam "Ðîññèÿ"]
[BlackTeam "Ðîññèÿ"]
[WhiteTeamCountry "RUS"]
[BlackTeamCountry "RUS"]

1. d4 d5 2. c4 dxc4 3. Nf3 Nf6 4. e3 e6 5. Bxc4 c5 6. O-O a6 7. dxc5 Qxd1 8.
Rxd1 Bxc5 9. a3 O-O 10. b4 Be7 11. Bb2 Bd7 12. Nbd2 Rc8 13. Bb3 b5 14. Ne5 Be8
15. Rac1 Nc6 16. Ndf3 Nxe5 17. Bxe5 1/2-1/2

[Event "Viktor Kupreichik Memorial Rapid GM"]
[Site "Minsk"]
[Date "2018.06.21"]
[Round "4.5"]
[White "Oblamski, Vladimir"]
[Black "Mochalov, Evgeny V"]
[Result "0-1"]
[WhiteElo "1921"]
[BlackElo "2236"]
[PlyCount "78"]
[EventDate "2018.06.21"]
[EventType "tourn"]
[EventRounds "13"]
[EventCountry "BLR"]
[WhiteTeam "Áåëîðóññèÿ"]
[BlackTeam "Áåëîðóññèÿ"]
[WhiteTeamCountry "BLR"]
[BlackTeamCountry "BLR"]

1. e4 c5 2. c3 g6 3. d4 cxd4 4. cxd4 d5 5. e5 Bg7 6. Nc3 a6 7. Qb3 e6 8. Nf3
Nc6 9. Be3 Nge7 10. Bd3 O-O 11. Na4 f6 12. exf6 Rxf6 13. Ne5 Nxe5 14. dxe5 Rf7
15. f4 d4 16. Bd2 Nd5 17. O-O b5 18. Nc5 Qb6 19. Rac1 Bd7 20. Be4 Rc8 21. Bxd5
Rxc5 22. Rxc5 Qxc5 23. Bxe6 Bxe6 24. Qxe6 d3+ 25. Kh1 Qc2 26. Bb4 Qxb2 27. Qe8+
Bf8 28. Bxf8 Rxf8 29. Qe6+ Kg7 30. Qd7+ Rf7 31. Qxd3 Qxa2 32. g3 Qe6 33. Rd1 h5
34. Qd8 Qc6+ 35. Kg1 b4 36. Rd6 Qc1+ 37. Kg2 Qc2+ 38. Kg1 b3 39. Rd2 b2 0-1

[Event "Viktor Kupreichik Memorial Rapid GM"]
[Site "Minsk"]
[Date "2018.06.21"]
[Round "4.6"]
[White "Kovalev, Andrei"]
[Black "Smirnov, Valerij"]
[Result "1-0"]
[WhiteElo "2458"]
[BlackElo "2238"]
[PlyCount "55"]
[EventDate "2018.06.21"]
[EventType "tourn"]
[EventRounds "13"]
[EventCountry "BLR"]
[WhiteTeam "Áåëîðóññèÿ"]
[BlackTeam "Áåëîðóññèÿ"]
[WhiteTeamCountry "BLR"]
[BlackTeamCountry "BLR"]

1. e4 c5 2. Nf3 Nc6 3. Nc3 d6 4. d4 cxd4 5. Nxd4 Nf6 6. Bg5 Bd7 7. Qd2 Rc8 8.
Nxc6 Bxc6 9. f3 e6 10. O-O-O a6 11. Kb1 Be7 12. h4 b5 13. Ne2 Bb7 14. Nd4 O-O
15. g4 Nd7 16. Bxe7 Qxe7 17. Qg5 Rfe8 18. Qxe7 Rxe7 19. Be2 d5 20. exd5 Bxd5
21. Rhe1 Nb6 22. b3 Rec7 23. Bd3 Nd7 24. Kb2 e5 25. Nf5 Bxf3 26. Ne7+ Kf8 27.
Nxc8 Bxg4 28. Be2 1-0

[Event "Viktor Kupreichik Memorial Rapid GM"]
[Site "Minsk"]
[Date "2018.06.21"]
[Round "5.1"]
[White "Mochalov, Evgeny V"]
[Black "Kovalev, Andrei"]
[Result "0-1"]
[WhiteElo "2236"]
[BlackElo "2458"]
[PlyCount "78"]
[EventDate "2018.06.21"]
[EventType "tourn"]
[EventRounds "13"]
[EventCountry "BLR"]
[WhiteTeam "Áåëîðóññèÿ"]
[BlackTeam "Áåëîðóññèÿ"]
[WhiteTeamCountry "BLR"]
[BlackTeamCountry "BLR"]

1. d4 Nf6 2. c4 g6 3. g3 Bg7 4. Bg2 O-O 5. Nf3 d6 6. O-O Nc6 7. Nc3 Bf5 8. Ne1
Re8 9. e4 Bd7 10. Nc2 e5 11. d5 Nd4 12. Be3 Nxc2 13. Qxc2 Ng4 14. Bd2 f5 15.
exf5 gxf5 16. h3 Nf6 17. Rae1 Kh8 18. Kh2 c5 19. dxc6 bxc6 20. Rd1 Qc7 21. Bg5
Be6 22. Qd3 Rad8 23. Rd2 h6 24. Bh4 Qf7 25. Bxc6 Bxc4 26. Bxe8 Rxe8 27. Qb1
Bxf1 28. Qxf1 Ne4 29. Nxe4 fxe4 30. Rxd6 e3 31. f3 e4 32. f4 Qxa2 33. Qe2 Rb8
34. Rd8+ Rxd8 35. Bxd8 Qd5 36. Bh4 Qd2 37. Qg2 e2 38. g4 Qxf4+ 39. Bg3 Be5 0-1

[Event "Viktor Kupreichik Memorial Rapid GM"]
[Site "Minsk"]
[Date "2018.06.21"]
[Round "5.2"]
[White "Balashov, Yuri S"]
[Black "Oblamski, Vladimir"]
[Result "1-0"]
[WhiteElo "2430"]
[BlackElo "1921"]
[PlyCount "91"]
[EventDate "2018.06.21"]
[EventType "tourn"]
[EventRounds "13"]
[EventCountry "BLR"]
[WhiteTeam "Ðîññèÿ"]
[BlackTeam "Áåëîðóññèÿ"]
[WhiteTeamCountry "RUS"]
[BlackTeamCountry "BLR"]

1. e4 d5 2. exd5 Qxd5 3. Nf3 Bg4 4. Be2 Bxf3 5. Bxf3 Qe5+ 6. Be2 Nc6 7. c3
O-O-O 8. d4 Qd6 9. O-O e5 10. dxe5 Qxd1 11. Rxd1 Rxd1+ 12. Bxd1 Nxe5 13. Be2
Bd6 14. Nd2 Nf6 15. Nc4 Nxc4 16. Bxc4 Rf8 17. h3 Nd7 18. Be3 Ne5 19. Bb3 a6 20.
Rd1 f6 21. f4 Ng6 22. g3 Ne7 23. Kg2 Nc6 24. Be6+ Kb8 25. Kf3 Rd8 26. h4 Re8
27. Bf7 Rf8 28. Bd5 Ne7 29. Be6 Nc8 30. h5 h6 31. c4 b6 32. a3 a5 33. Bxc8 Kxc8
34. Bxb6 Bxa3 35. Bxc7 Kxc7 36. bxa3 Rb8 37. Ke4 a4 38. g4 Kc6 39. Kf5 Rb3 40.
g5 fxg5 41. fxg5 hxg5 42. Kg6 Rh3 43. Rd5 g4 44. Rg5 g3 45. Kxg7 g2 46. h6 1-0

[Event "Viktor Kupreichik Memorial Rapid GM"]
[Site "Minsk"]
[Date "2018.06.22"]
[Round "6.4"]
[White "Oblamski, Vladimir"]
[Black "Dydyshko, Viacheslav"]
[Result "1/2-1/2"]
[WhiteElo "1921"]
[BlackElo "2471"]
[PlyCount "112"]
[EventDate "2018.06.21"]
[EventType "tourn"]
[EventRounds "13"]
[EventCountry "BLR"]
[WhiteTeam "Áåëîðóññèÿ"]
[BlackTeam "Áåëîðóññèÿ"]
[WhiteTeamCountry "BLR"]
[BlackTeamCountry "BLR"]

1. e4 c5 2. c3 Nf6 3. e5 Nd5 4. d4 cxd4 5. cxd4 d6 6. Nf3 Nc6 7. Bc4 dxe5 8.
Bxd5 Qxd5 9. Nc3 Qd6 10. d5 Nd8 11. O-O Bd7 12. Re1 f6 13. Ne4 Qb4 14. a3 Qa5
15. b4 Qc7 16. Be3 b6 17. Qb3 Nf7 18. Rac1 Qb7 19. Rc2 Nd6 20. Nxd6+ exd6 21.
Rec1 Rc8 22. Rxc8+ Bxc8 23. Qc4 Kd8 24. b5 Be7 25. Nd2 Rf8 26. a4 Rf7 27. Qb4
Qxd5 28. a5 Bb7 29. f3 Qd3 30. Rc3 Qe2 31. axb6 d5 32. Bc5 Qxd2 33. Bxe7+ Rxe7
34. Rc8+ Kxc8 35. Qxd2 axb6 36. Qb4 Kd7 37. Qh4 h6 38. Qa4 Kc7 39. Qc2+ Kb8 40.
Qb2 Rc7 41. Qb4 Rc5 42. Qg4 Rc7 43. Qb4 Rd7 44. Kf2 d4 45. Ke1 Bd5 46. Kd2 Kb7
47. Qa4 Kc7 48. Qa7+ Bb7 49. Qa3 Rd6 50. Qa2 Rd5 51. Qa4 f5 52. h4 e4 53. Qc4+
Kd7 54. fxe4 fxe4 55. g4 d3 56. Qxe4 Kd6 1/2-1/2

[Event "Viktor Kupreichik Memorial Rapid GM"]
[Site "Minsk"]
[Date "2018.06.22"]
[Round "6.5"]
[White "Kovalev, Andrei"]
[Black "Balashov, Yuri S"]
[Result "1/2-1/2"]
[WhiteElo "2458"]
[BlackElo "2430"]
[PlyCount "81"]
[EventDate "2018.06.21"]
[EventType "tourn"]
[EventRounds "13"]
[EventCountry "BLR"]
[WhiteTeam "Áåëîðóññèÿ"]
[BlackTeam "Ðîññèÿ"]
[WhiteTeamCountry "BLR"]
[BlackTeamCountry "RUS"]

1. e4 e5 2. Nf3 Nc6 3. Bb5 a6 4. Ba4 Nf6 5. O-O Be7 6. Re1 b5 7. Bb3 O-O 8. h3
d6 9. c3 Nb8 10. d4 Nbd7 11. c4 c6 12. Qc2 Bb7 13. Nc3 b4 14. Ne2 c5 15. d5 Nb6
16. Ng3 a5 17. a4 Bc8 18. Nf5 Bxf5 19. exf5 Re8 20. Qe2 h6 21. Bc2 Nh7 22. b3
Nd7 23. Nd2 Bg5 24. Ne4 Bxc1 25. Raxc1 Ndf6 26. g3 Ra7 27. Kg2 Nxe4 28. Bxe4
Nf6 29. Qf3 Nxe4 30. Rxe4 Qf6 31. Rce1 Rae7 32. Qh5 Kh7 33. R1e3 Rg8 34. Rf3 g6
35. fxg6+ Qxg6 36. Qf5 Qxf5 37. Rxf5 Rg5 38. Rf6 Rg6 39. Rf5 Rg5 40. Rf6 Rg6
41. Rf5 1/2-1/2